000 00266nam a2200109Ia 4500
008 140130s9999 xx 000 0 und d
245 _cMartin, Justin McCory
_aFunny Fairy Tale Grammar
260 _bScholastic,
_c2006
440 _v1
942 _cBK
999 _c42028
_d42028